Machine Learning In Finance From Theory To Practice (Record no. 40925)

MARC details
000 -LEADER
fixed length control field 00340nam a2200133Ia 4500
008 - FIXED-LENGTH DATA ELEMENTS--GENERAL INFORMATION
fixed length control field 240703s9999 xx 000 0 und d
041 ## - LANGUAGE CODE
Language code of text/sound track or separate title eng
100 ## - MAIN ENTRY--PERSONAL NAME
Personal name Matthew F Dixon
245 ## - TITLE STATEMENT
Title Machine Learning In Finance From Theory To Practice
260 ## - PUBLICATION, DISTRIBUTION, ETC.
Name of publisher, distributor, etc. Springer
Date of publication, distribution, etc. 2020
365 ## - TRADE PRICE
Currency code
Price amount 7,583.05
906 ## - LOCAL DATA ELEMENT F, LDF (RLIN)
b 33
Holdings
Withdrawn status Lost status Source of classification or shelving scheme Damaged status Not for loan Home library Current library Shelving location Date acquired Source of acquisition Cost, normal purchase price Total Checkouts Full call number Barcode Date last seen Date last checked out Copy number Price effective from Koha item type
    Dewey Decimal Classification     IMTN IMTN Rack 11-A 07/03/2024 Prof. Kulbir Singh 79.99 1 332.015 MAT 33334 12/18/2024 07/06/2024 94.8 07/03/2024 Books
Designed & Maintained by: LRC IMT Nagpur Contact: lrc@imtnag.ac.in© 2024. All Rights Reserved.